<?xml version="1.0" encoding="UTF-8"?>
<collection xmlns="http://www.loc.gov/MARC21/slim">
 <record>
  <leader>02011nam a2200301   4500</leader>
  <controlfield tag="001">DLU120144522</controlfield>
  <controlfield tag="005">##20121211</controlfield>
  <datafield tag="040" ind1="#" ind2="#">
   <subfield code="a">DLU</subfield>
   <subfield code="b">vie</subfield>
  </datafield>
  <datafield tag="041" ind1="#" ind2="#">
   <subfield code="a">vie</subfield>
  </datafield>
  <datafield tag="044" ind1="#" ind2="#">
   <subfield code="a">vn</subfield>
  </datafield>
  <datafield tag="082" ind1="#" ind2="#">
   <subfield code="a">330.015 195</subfield>
   <subfield code="b">NG-T</subfield>
  </datafield>
  <datafield tag="100" ind1="#" ind2="#">
   <subfield code="a">Nguyễn Thị Kim Thuý,</subfield>
   <subfield code="c">PGS.TS.</subfield>
  </datafield>
  <datafield tag="245" ind1="#" ind2="#">
   <subfield code="a">Nguyên lý thống kê ( Lý thuyết thống kê ) ứng dụng trong quản lý kinh tế và kinh doanh sản xuất - dịch vụ :</subfield>
   <subfield code="b">Phong phú đủ các dạng bài tập, đề thi; Lời giải chi tiết rõ ràng /</subfield>
   <subfield code="c">Nguyễn Thị Kim Thuý</subfield>
  </datafield>
  <datafield tag="260" ind1="#" ind2="#">
   <subfield code="a">H. :</subfield>
   <subfield code="b">Lao động - Xã hội,</subfield>
   <subfield code="c">2012.</subfield>
  </datafield>
  <datafield tag="300" ind1="#" ind2="#">
   <subfield code="a">505 tr. ;</subfield>
   <subfield code="c">21 cm.</subfield>
  </datafield>
  <datafield tag="505" ind1="#" ind2="#">
   <subfield code="a">Chương 1. Đối tượng nghiên cứu của nguyên lý thống kê -- Chương 2. Điều tra thống kê thu thập thông tin phát triển kinh tế - xã hội và kinh doanh sản xuất - dịch vụ -- Chương 3. Phân tổ tổng hợp tài liệu điều tra thống kê về hiện tượng kinh tế - xã hội và kinh doanh sản xuất - dịch vụ -- Chương 4. Các chỉ tiêu thống kê mức độ khối lượng của hiện tượng kinh tế - xã hội và kinh doanh sản xuất dịch vụ -- Chương 5. Các chỉ tiêu thống kê mức độ tương đối của hiện tượng kinh tế - xã hội và kinh doanh sản xuất dịch vụ -- Chương 6. Chỉ số phát triển và phân tích nhân tố ảnh hưởng đến phát triển kinh tế - xã hội và kinh doanh sản xuất dịch vụ -- Chương 7. Chỉ số kế hoạch phát triển kinh tế - xã hội và kinh doanh sản xuất dịch vụ -- Chương 8. Thống kê xu hướng phát triển kinh tế - xã hội và kinh doanh sản xuất dịch vụ</subfield>
  </datafield>
  <datafield tag="650" ind1="#" ind2="#">
   <subfield code="a">Kinh tế học</subfield>
   <subfield code="x">Phương pháp thống kê.</subfield>
  </datafield>
  <datafield tag="923" ind1="#" ind2="#">
   <subfield code="a">08/2012</subfield>
  </datafield>
  <datafield tag="991" ind1="#" ind2="#">
   <subfield code="a">GT</subfield>
  </datafield>
  <datafield tag="992" ind1="#" ind2="#">
   <subfield code="a">86500</subfield>
  </datafield>
  <datafield tag="994" ind1="#" ind2="#">
   <subfield code="a">DLU</subfield>
  </datafield>
  <datafield tag="900" ind1="#" ind2="#">
   <subfield code="a">True</subfield>
  </datafield>
  <datafield tag="911" ind1="#" ind2="#">
   <subfield code="a">Đào Thị Thu Huyền</subfield>
  </datafield>
  <datafield tag="925" ind1="#" ind2="#">
   <subfield code="a">G</subfield>
  </datafield>
  <datafield tag="926" ind1="#" ind2="#">
   <subfield code="a">A</subfield>
  </datafield>
  <datafield tag="927" ind1="#" ind2="#">
   <subfield code="a">SH</subfield>
  </datafield>
  <datafield tag="980" ind1="#" ind2="#">
   <subfield code="a">Thư viện Trường Đại học Đà Lạt</subfield>
  </datafield>
 </record>
</collection>
